Statistics for Countries Closest to Bosnia and Herzegovina

Click here to take the quiz!

General Stats

  • This quiz has been taken 2,827 times
  • The average score is 18 of 20

Answer Stats

kmcountrymiles% Correct
0Croatia0
99%
0Serbia0
98%
153Italy95
97%
0Montenegro0
97%
45Slovenia28
97%
282Greece175
94%
94Albania59
93%
162Austria100
93%
68Hungary42
93%
129Romania80
93%
221Bulgaria137
92%
96Kosovo60
92%
282Slovakia175
92%
196North Macedonia122
90%
331Germany206
85%
372Czechia231
84%
271San Marino169
80%
438Switzerland272
79%
400Vatican City249
78%
436Ukraine271
77%

Score Distribution

Percentile by Number Answered

Percent of People with Each Score

Your Score History

You have not taken this quiz